000 01043nas a2200253 4500
001 BR8704936
003 BR-BrBNA
005 20231205090733.0
007 ta
008 230509b bl.|||p| |||| 00| 00por d
040 _aBR-BrBNA
_bpor
_cBiblioteca Nacional de Agricultura
041 _a(Pt)
072 _aQ52
100 1 _aMachado Filho, L.C.P.
100 1 _aMuhlbach, P.R.F.
245 1 _aEfeito do emurchecimento na qualidade das silagens de capim-elefante cv. Cameron (Pennisetum purpureum Schumach.)e de milheto (Pennisetum americanum (L.)Leeke), avaliadas quimicamente
246 1 _aEffect of wilting on the quality of chemically evaluated elephant grass cv. Cameron (Pennisetum purpureum Schumach.)and pearl millet (Pennisetum americanum (L.)Leeke)silages
650 _aSILAGEM
650 _aCAPIM ELEFANTE
650 _aMILHETO
773 0 _tRevista da Sociedade Brasileira de Zootecnia (Brazil)
_xISSN 0100-4859
_g(1986), v. 15(3) p. 224-233
_wBR8704936
909 _a202311
_bLúcia
_c55
_dLúcia Elande
942 _2AGRIS
_n0
_cANA
999 _c120543
_d120543